000 00343nam a2200145Ia 4500
100 _aCharniak Eugene
942 _cBK
654 _aComputer
245 _aIntroduction to Artifical Intelligence
260 _bADDISON-WESLEY PUBLICATION CO.
_aCalifornia
_c1984
082 _a6.3
_bPAN
300 _a701
546 _aENGLISH
999 _c19851
_d19851